| 000 | 01447nam a22002897i 4500 | ||
|---|---|---|---|
| 001 | BINCO | ||
| 003 | CO-MdBIC | ||
| 005 | 20240603112114.0 | ||
| 008 | 220428t1994 sp a|||| |||| 00| 0 spa d | ||
| 020 | _a8426130585 | ||
| 040 |
_a CO-MdBIC _bspa. _cCO-MdBIC _d CO-MdBIC |
||
| 041 | _aspa | ||
| 082 |
_223 _a828 _bAT886 |
||
| 100 |
_aAttwell, Mabel Lucie, _d1879-1964 |
||
| 245 |
_aCuentos para ir a dormir _c/ Mabel Lucie Attwell ; traducción de Marcela Sánchez |
||
| 246 | _aGoing to bed tales | ||
| 250 | _aCuarta edición | ||
| 260 | 1 |
_aEspaña: _bJuventud, _c[1994] |
|
| 264 | _c©1994 | ||
| 300 |
_a126 paginas : _bilustraciones a color; _c25 cm. |
||
| 490 | _acuentos universales | ||
| 500 | _aLas tiernas y simpáticas ilustraciones de Mabel Lucie Atwell acompañan este precioso libro, el mejor aliado de los padres a la hora de acostar a sus hijos. Recoge cuentos cortos y sencillos que hablan de duendes, hadas y muñecas; nanas y versos, para ser leídos a los más pequeños, justo antes de que se los lleve el sueño. Attwell es la autora de todas las ilustraciones de este libro, así como de dos de los cuentos que en él aparecen. Los demás textos que aparecen en esta obra, cuentos, refranes y expresiones populares, fueron recopilados y reescritos por la autora y el editor original. | ||
| 650 | 7 |
_9100 _aEducación infantil |
|
| 690 | _aLiteratura inglesa | ||
| 700 |
_aMarcela Sánchez _etraductora |
||
| 942 | _cLGB | ||
| 999 |
_c67837 _d67837 |
||